000 00751nam a2200217Ia 4500
001 13227
003 GE_BSU
008 181216s||||||||xx |||||||||||||| ||und||
040 _cGE_BSU
080 _a632.9
100 _aМейер, Н.Ф.
245 _aТрихограмма(Экология и результаты применения в борьбе с вредными насекомыми)
260 _aМосква
260 _bОгиз-сельхозгиз
260 _c1941
300 _a276стр.20см.
300 _cБиблиогр.с.171-174
653 _aТрихограмма
653 _aЭкология и результаты применения в борьбе с вредными насекомыми
942 _cBK
999 _c46391
_d46391